| 000 | 02039nam a22002417a 4500 | ||
|---|---|---|---|
| 999 |
_c60119 _d60119 |
||
| 003 | Ge_BSU | ||
| 005 | 20230609154813.0 | ||
| 008 | 230609s2016 ge ||||| |||| 00| 0 geo d | ||
| 020 | _a9789941095962 | ||
| 041 | _ageo | ||
| 080 | _a902.2(479.221.1) ნ-16 | ||
| 100 |
_aნადიმაშვილი, სერგო _918603 |
||
| 245 |
_aქართლის არქეოლოგიური ძეგლები : _b[მოხსენებების კრებული] / _cსერგო ნადიმაშვილი ; რედაქტორი თინათინ სოსანიძე ; ქალაქ გორის მუნიციპალიტეტის მერიის სერგი მაკალათიას სახ. ისტორიულ-ეთნოგრაფიული მუზეუმი. |
||
| 264 |
_aთბილისი : _b სერგი მაკალათიას სახ. ისტორიულ-ეთნოგრაფიული მუზეუმი, _c2016. |
||
| 300 |
_a80 გვ. : _b ფოტ. ; _c20 სმ. |
||
| 500 | _a წინა ყდაზე: ევტიხი ჟვანიას ფოტონამუშევარი - სერგო ნადიმაშვილი, 1936 წ., უკანა ყდაზე: ბრინჯაოს ჭვირული ბალთა სოფ. კიტრეულიდან, ახ. წ. I-II სს. | ||
| 504 | _aბიბლიოგრ.: გვ. 67-70. | ||
| 520 | _aრეზიუმე ინგლ. ენაზე. | ||
| 653 | _aარქეოლოგიური ძეგლები | ||
| 700 |
_aსოსანიძე, თინათინ _eრედაქტორი _918604 |
||
| 710 |
_aგორის მუნიციპალიტეტის მერია _b სერგი მაკალათიას სახ. ისტორიულ-ეთნოგრაფიული მუზეუმი. _918605 |
||
| 942 |
_2udc _cBK |
||